000 00505nmm a2200169Ia 4500
008 251105s9999||||xx |||||||||||||||||und||
020 _a9788488906533
041 _aspa
100 _aSerrano, María José
245 0 _aCambio sintáctico y prestigio lingüístico
264 _a[Madrid, España] :
_bIberoamericana Vervuert,
_c1996
300 _a94 páginas
490 _aLingüística Iberoamericana
650 _aGrammar
856 _uhttps://public.digitaliapublishing.com/a/18552
942 _cCF
999 _c87051
_d87051